Quizzes
Events
Quiz Creation
Community
Videos
Private Events
Remove Ads
Sign In
Join for FREE
Feedback
Dark Mode
Quiz Categories
Sports
Geography
Music
Movies
Television
Just For Fun
Miscellaneous
History
Literature
Language
Science
Gaming
Entertainment
Religion
Holiday
For Kids
Quiz Lab
Recent
Popular Today
Quiz Kudos Today
Editor Picks
Curator Picks
Quizzes by...
Day
Popularity
Type
Ratings
Length
Year
Community
Subscriptions
Recent Discussions
Orange Saloon
Badges
Playlists
Quests
Create
Leaderboards
Showdown
Live 5
Trivia Bingo
Activity
Puzzle Library
Sporcle Events
Private Events
Virtual Trivia
Globe League
Become a Host
Pub Owners
SporcleCon
Opinionation
Our Games
Videos
Blog
Mobile Apps
Partnerships
Remove Ads and Go Orange
Feedback
Entertainment
Celebrity
Famous
Musical
Broadway
Show
Quote
Comic Books
Anime
Superhero
DC Comics
Marvel
Cartoons
Animation
Entertainment
Celebrity
Famous
Musical
Broadway
Show
Quote
Comic Books
Anime
Superhero
DC Comics
Marvel
Cartoons
Animation
Random Quiz
Search Sporcle
×
Quiz Lab
Quiz Lab
Entertainment
Anime
Type in answers that appear in a list
Type in answers that appear in a list
Classic
Best Score? Go Orange.
Anime Characters by Picture Stats
Can you name the Anime Characters by Picture?
By
toriver
6m
30 Questions
3,025 Plays
3,025 Plays
3,025 Plays
Comments
Comments
Give Quiz Kudos
Give Quiz Kudos
-
- Ratings
hide this ad
More Info
Replay
Link that replays current quiz
Next Quiz
Link to next quiz in quiz playlist
You Got
0%
They Got
Avg Score
53%
Avg Friend Score
Upgrade to see
Score Distribution
Jump to the score distribution portion of the page
Score
0/30
Timer
06:00
0
Plays Today
Answer
% Correct
Naruto Uzumaki
95.2%
L
95%
Goku
91.4%
Sakura Haruno
89%
Sasuke Uchiha
88.2%
Ichigo Kurosaki
88.2%
Light Yagami
85%
Monkey D. Luffy
83.9%
Rukia Kuchiki
75.4%
Haruhi Suzumiya
74%
Gohan
65.8%
Roronoa Zoro
64.5%
Orihime Inoue
63.5%
Piccolo
60.3%
Kenshin Himura
55.9%
Answer
% Correct
Tony-Tony Chopper
50.3%
Vash the Stampede
46%
Spike Spiegel
45.1%
Kyon
43.2%
Rei Ayanami
42.9%
Shinji Ikari
36.8%
Asuka Langley Soryu
36.6%
Jet Black
27.3%
Kaoru Kamiya
26%
Sanosuke Sagara
21%
Nicholas D. Wolfwood
16.8%
Hiro Yui
16.5%
Meryl Strife
11.9%
Amuro Ray
8.6%
Domon Kasshu
7.1%
Quiz Playlist
Details
Report
Send in Message
Add To Playlist
More Info:
Picture hints are read horizontally (1st row=1-6, 2nd row=7-12, and so on).
Classic:
Type in answers that appear in a list
Quiz Source
Last Updated: Mar 29, 2018
Quiz Scoreboard
CHALLENGE
Sign Up to Join the Scoreboard
Show All
Scores
Hide
Comments
May contain spoilers
Recently Published
Decade Duel: World Leaders
by jenniferyan
History
4m
Alphabetical 'K' Countries by Flag Minefield
by ylime102
Geography
3m
Pick 6: Fruits
by JohnFran
Miscellaneous
15s
More to Explore
Quiz From the Vault
Featured Blog Post
15 Basketball Trivia Facts You Can Be March Mad About
hide this ad
You Might Also Like...
Tags
Anime Quiz
Anime Characters
Character
Image Quiz
Today's Top Quizzes in Entertainment
Browse Entertainment
hide this ad
Today's Top Quizzes in Anime
Browse Anime
Top Contributed Quizzes in Entertainment
1
Eurovision 2023 Logic Puzzle
2
The Joker Actors by Order
3
Spider-Man Actors by Order
4
JoJo's Bizarre Logic Quiz
5
Marvel, Role-Playing, Shakespeare, and Cats, Oh My!
6
Click the Fictional John
7
Dragon Ball Z: Goku's Fights in Order
8
Click the Fictional Bruce
9
Picture Click Blitz: Snow White
10
The Incredible Hulk Actors by Order
Explore More
Trending Topics
Kpop
Crossword
NBA
Harry Potter
Anime
Marvel
Disney
NFL
Soccer
Country
Puzzle
Song
WWE
The Office
Pokémon
hide this ad
More By:
toriver
Quiz
Plays
Rating
Category
Featured
Created
The Japan Quiz
104,661
4.51
Geography
Jun 28, 2010
Song of Ice and Fire: Houses by Sigil
3,354
4.14
Literature
Dec 19, 2011
Profile: Barney Stinson
2,990
3.89
Television
Nov 7, 2010
Sci-Fi Starships
2,338
4.06
Entertainment
Jun 5, 2011
Ace Attorney: Case Files
1,777
5.00
Gaming
Jan 30, 2011
Go to Creator's Profile
Score Distribution
Quiz Creator Spotlight
toriver
Follow
Send a Message
Quizzes Created
-
Created Quiz Play Count
-
More By This Creator
Popular Quizzes Today
1
Countries of Asia Without Outlines Minefield
2
Find the US States - No Outlines Minefield
3
Pick 6: Fruits
4
Alphabetical 'K' Countries by Flag Minefield
5
The Countries of the World
6
Find the Countries of Europe - No Outlines Minefield
7
Find the US States
8
US States
More Entertainment Quizzes
7-to-1 Arrowverse
Quiz Lab
Trending Quizzes
Pick 6: Mountains
Pick 6: Harry Potter
Pick 6: Flags
Pick 6: NFL Teams
Pick 6: Movie Franchises
Recently Updated
Adaptations: Name the Title
pecheneg
NWSL Teams
pecheneg
Women's Final Four Teams by Year
bhenderson79
Presidents Quartet II
eogle
Anything But Clue(do)
eogle
Anything But Oceanian Capitals
eogle
Anything But 7
eogle
Anything But Thing
eogle
Word Ladder: February 29
pecheneg
Song Title Questions
pecheneg
Trending Topics
Kpop
Disney
Harry Potter
Crossword
Marvel
NBA
Anime
Soccer
Pokémon
Song
NFL
Puzzle
WWE
Country
The Office
Your Account Isn't Verified!
In order to create a playlist on Sporcle, you need to verify the email address you used during registration. Go to your
Sporcle Settings
to finish the process.
Report this User
Report this user for behavior that violates our
Community Guidelines
.
Details:
Send Report
Go to the Sporcle.com Mobile Site →
Comments